000 nam a22 7a 4500
999 _c10204
_d10204
008 180213b ||||| |||| 00| 0 eng d
100 _aSinghal,J.P.
_96201
245 _aSocial Science Solution-X
260 _aNew delhi
_bAmanda
_c2011